| 000 | 00419nam a2200133Ia 4500 | ||
|---|---|---|---|
| 003 | GCL | ||
| 008 | 140319s9999 xx 000 0 ara d | ||
| 040 |
_aGCL / _cGCL |
||
| 082 | 0 | 4 |
_a328.569 _bف ت |
| 245 | 1 | 0 | _aالنظام السياسى فى اسرائيل |
| 260 |
_a[S.N] : _bمعهد البحوث والدراسات العربية ، _c1989 |
||
| 300 | _a243 | ||
| 490 |
_aسلسلة الدراسات الخاصة _v0 |
||
| 999 |
_c31556 _d31556 |
||